00472nam a2200157Ia 450000500170000000800410001708200130005810000220007124500220009326000370011530000120015250000310016494200060019595200980020199900150029920250616005044.0240331s9999 xx 000 0 und d bWEEa322 aWeerasinghe,G.D.C 0aGatumaka sulamula aMaharagamabRuwan Pakaruwac2007 a65 p ., aA book on root of conflict cL 001040708LaWERCLbWERCLcSSCd2024-03-31l0o 322.42 WEEp6365r2024-03-31w2024-03-31yL c5112d5112